The Correct Counties to the Correct State - Tile Select - Statistics

General Stats
  • This quiz has been taken 12 times
    8 since last reset
  • The average score is 96 of 125
Answer Stats
Question Tile Select % Correct
Michigan Anderson No
100%
Michigan Cherokee No
100%
Michigan Constanau No
100%
Michigan Dillon No
100%
Michigan Erie No
100%
Michigan Johnson No
100%
Michigan Obijwe No
100%
Michigan Stakweegon No
100%
Michigan Toledo No
100%
Pennsylvania Allegheny Yes
86%
Pennsylvania Bedford Yes
86%
Wyoming Blackfeet No
86%
Pennsylvania Breckenridge No
86%
Pennsylvania Carbon Yes
86%
Wyoming Casper No
86%
Pennsylvania Cass No
86%
Pennsylvania Cherry Hill No
86%
Wyoming Devonville No
86%
Wyoming Dodge No
86%
Pennsylvania Evans No
86%
Pennsylvania Fargo No
86%
Michigan Fox No
86%
Michigan Grand Traverse Yes
86%
Wyoming Green Valley No
86%
Wyoming Hamburg No
86%
Wyoming Jackson No
86%
Pennsylvania Johnson No
86%
Pennsylvania Kent No
86%
Pennsylvania Lake No
86%
Wyoming Laramie Yes
86%
Pennsylvania Lincoln No
86%
Pennsylvania Logan No
86%
Michigan Montmorency Yes
86%
Pennsylvania Penn No
86%
Wyoming Plant No
86%
Wyoming Pleasants No
86%
Michigan Pottawatomie No
86%
Pennsylvania Potter Yes
86%
Pennsylvania Pratt No
86%
Pennsylvania Randolph No
86%
Wyoming Reeds No
86%
Wyoming Rockies No
86%
Michigan Sioux No
86%
Michigan Straits No
86%
Michigan Wayne Yes
86%
Wyoming Whitehorn No
86%
Wyoming Wilson No
86%
Wyoming Yellowstone No
86%
Arizona Anderson No
71%
Arizona Apache Yes
71%
Michigan Arenac Yes
71%
Ohio Athens Yes
71%
Ohio Brown Yes
71%
Wyoming Butte No
71%
Ohio Champaign Yes
71%
Ohio Charleston No
71%
Arizona Clark No
71%
Arizona Cochise Yes
71%
Arizona Colorado No
71%
Ohio Defiance Yes
71%
Michigan Flint No
71%
Pennsylvania Forest Yes
71%
Arizona Garfield No
71%
Arizona Gila Yes
71%
Wyoming Goshen Yes
71%
Arizona Grand Canyon No
71%
Arizona Greenlee Yes
71%
Ohio Hardin Yes
71%
Arizona Hickory No
71%
Arizona Hopi No
71%
Ohio Indiana No
71%
Ohio Johnson No
71%
Ohio Knox Yes
71%
Pennsylvania Lackawanna Yes
71%
Arizona La Paz Yes
71%
Ohio Lubbock No
71%
Ohio Mahoning Yes
71%
Pennsylvania McKean Yes
71%
Arizona McKinley No
71%
Michigan Menominee Yes
71%
Ohio Miami Yes
71%
Arizona Mohave Yes
71%
Wyoming Natrona Yes
71%
Arizona Navajo Yes
71%
Ohio Nelson No
71%
Pennsylvania Northumberland Yes
71%
Arizona Nowata No
71%
Arizona Oil No
71%
Arizona Phoenix No
71%
Pennsylvania Pike Yes
71%
Arizona Pima Yes
71%
Arizona Plyvens No
71%
Ohio Providence No
71%
Ohio Redwood No
71%
Ohio Rhea No
71%
Ohio Rome No
71%
Wyoming Roosevelt No
71%
Michigan Roscommon Yes
71%
Arizona Santa Cruz Yes
71%
Arizona Sonora No
71%
Ohio Stark Yes
71%
Arizona St. Mary's No
71%
Wyoming Sublette Yes
71%
Ohio Sullivan No
71%
Ohio Summit Yes
71%
Ohio Sussex No
71%
Wyoming Sweetwater Yes
71%
Arizona Teton No
71%
Pennsylvania Tioga Yes
71%
Ohio Trent No
71%
Arizona Valley No
71%
Michigan Van Buren Yes
71%
Ohio Van Wert Yes
71%
Ohio Webster No
71%
Pennsylvania York Yes
71%
Michigan Benzie Yes
57%
Wyoming Big Horn Yes
57%
Michigan Delta Yes
57%
Wyoming Johnson Yes
57%
Michigan Oceana Yes
57%
Michigan Schoolcraft Yes
57%
Ohio Van Buren No
57%
Pennsylvania Washington Yes
57%
Wyoming Washington No
57%
Wyoming Weston Yes
57%
No matching quizzes found
Score Distribution
Percent of People with Each Score
Percentile by Number Answered
Your Score History
You have not taken this quiz since the last reset